1189 1652 1098 1229 1329 1431 1405 1349 1444 1458 1452 1852 1367 1079 1008 1593 1553 1916 1108 1644 1175 1445 1096 1304 1078 1045 1998 1995 1181 1751 1019 1388 1588 1225 1448 1134 1945 1203 1373 1581 1269 1983 1525 1632 1050 1896 1726 1643 1587 1011 1738 1658 1725 1723 1368 1549 1931 1904 1508 1161 1918 1629 1341 1958 1140 1963 1114 1560 1481 1937 1586 1486 1016 1973 1924 1083 1191 1485 1984 1459 1412 1001 1041 1365 1845 1371 1786 1948 1246 1327 1054 1012 1121 1778 1940 1229 1658 1878 1793 BCNSPRNW ULIB Ver.6.0+V

เปลี่ยนเป็นภาษาไทย

Change to English
 แสดงรายละเอียดบรรณานุกรม
  กลับหน้าหลัก

Brief Record : Get Marc (ISO 2709) : E-mail record : QR code < ปิดหน้าต่าง
LEADER : 00000nam 2200000uu 4500
001    13399125952
003     ULIB
008    171121s||||||||th 000 0 tha d
020    ^a9749363590
050 04 ^aนว.^bต-ก
100 0  ^aตะเกียงเดือน
245 10 ^aก๊อตซิลล่าบอย หนุ่มน้อยสุดที่รัก /^cตะเกียงเดือน
260    ^aกรุงเทพฯ :^bเลิฟเบอร์รี่บุ๊ค
300    ^a170 หน้า ;^c17 ซม.
945    ^p0^l0^i003392
999    ^aประนอม เกษจรัล
รายการนี้ยังไม่มีแท็ก
คุณยังไม่ได้ล็อกอิน คุณสามารถมีกิจกรรมร่วมกับเว็บไซต์ได้ แต่ต้องล็อกอินก่อน ::
  ล็อกอิน

รายการสื่อสารสนเทศ

ลำดับที่ ประเภท เลขเรียก/บาร์โค้ด สถานที่ สถานะ
1. วิทยาศาสตร์การแพทย์ และสุขภาพ
วิทยาศาสตร์การแพทย์ และสุขภาพ
นว. ต-ก ฉ.1 
  Barcode: 003392
ห้องสมุดวิทยาเขตสวรรค์ประชารักษ์
►นวนิยาย
บนชั้น
  ขอยืม

BibComment


ยังไม่เคยถูกคอมเมนท์

คอมเมนท์ทรัพยากรรายการนี้
  คอมเมนท์: ก๊อตซิลล่าบอย หน..


 Copyright 2026. Bcnsprnw @Library